| 000 | 00514nam a2200205Ia 4500 | ||
|---|---|---|---|
| 003 | OSt | ||
| 005 | 20250701163649.0 | ||
| 008 | 210210b1983 xxu||||| |||| 00| 0 eng d | ||
| 040 | _cAL | ||
| 041 | _aEnglish | ||
| 082 | _a320.454 PHII | ||
| 100 |
_aPhilip A T _974684 |
||
| 110 |
_aSivaji Rao K H _9210472 |
||
| 245 | _aIndian government and politics | ||
| 260 |
_aND _bSterling publishers pvt ltd. _c1983 |
||
| 300 | _avi,299p. | ||
| 690 |
_aIndian Government _974685 |
||
| 906 | _a036343 | ||
| 942 |
_2ddc _cBK |
||
| 999 |
_c86858 _d86858 |
||